The sustainable(ish) living guide (Record no. 4857)

MARC details
000 -CABECERA
campo de control de longitud fija 02647cam a2200289 i 4500
001 - NÚMERO DE CONTROL
campo de control a38671834
003 - IDENTIFICADOR DEL NÚMERO DE CONTROL
campo de control SIRSI
005 - FECHA Y HORA DE LA ÚLTIMA TRANSACCIÓN
campo de control 20250923114526.0
008 - DATOS DE LONGITUD FIJA--INFORMACIÓN GENERAL
campo de control de longitud fija 200124t20202020enka e b 001 0 eng
020 ## - NÚMERO INTERNACIONAL ESTÁNDAR DEL LIBRO
Número Internacional Estándar del Libro 9781472969125
Información calificativa (pbk.)
035 ## - NÚMERO DE CONTROL DEL SISTEMA
Número de control de sistema (OCoLC)1140552970
040 ## - FUENTE DE LA CATALOGACIÓN
Centro catalogador/agencia de origen AU@
Lengua de catalogación eng
Normas de descripción rda
Centro/agencia transcriptor AU@
Centro/agencia modificador OCLCO
-- IEP
-- OCLCF
-- NZAUC
-- CLE
-- JTH
-- OCLCQ
-- OCLCO
-- BNG
-- UtOrBLW
050 #4 - SIGNATURA TOPOGRÁFICA DE LA BIBLIOTECA DEL CONGRESO
Número de clasificación GE196
Número de documento/Ítem .G35 2020
100 ## - ENTRADA PRINCIPAL--NOMBRE DE PERSONA
Nombre de persona Gale, Jen,
Término indicativo de función/relación author.
9 (RLIN) 25754
245 14 - MENCIÓN DE TÍTULO
Título The sustainable(ish) living guide
Resto del título : everything you need to know to make small changes that make a big difference
Mención de responsabilidad, etc. / Jen Gale.
264 #1 - PRODUCCIÓN, PUBLICACIÓN, DISTRIBUCIÓN, FABRICACIÓN Y COPYRIGHT
Producción, publicación, distribución, fabricación y copyright London :
Nombre del de productor, editor, distribuidor, fabricante Green Tree,
Fecha de producción, publicación, distribución, fabricación o copyright 2020.
264 #4 - PRODUCCIÓN, PUBLICACIÓN, DISTRIBUCIÓN, FABRICACIÓN Y COPYRIGHT
Fecha de producción, publicación, distribución, fabricación o copyright ©2020
300 ## - DESCRIPCIÓN FÍSICA
Extensión 296 pages :
Otras características físicas illustrations ;
Dimensiones 24 cm
504 ## - NOTA DE BIBLIOGRAFÍA, ETC.
Nota de bibliografía, etc. Includes bibliographical references and index.
505 0# - NOTA DE CONTENIDO CON FORMATO
Nota de contenido con formato Conscious consumption — Zero waste(ish) — Plastic free(ish) — Sustainable(ish) food — Sustainable(ish) fashion — Sustainable(ish) family — Sustainable(ish) home — Sustainable(ish) work — Sustainable(ish) school — Sustainable(ish) travel and transport — Sustainable(ish) celebrations — Activism(ish).
520 ## - SUMARIO, ETC.
Sumario, etc. Easy, do-able, down to earth ideas and suggestions for everyone to help save the planet. If you want to save the planet, but your to-do list is already pretty long and remembering your re-usable coffee cup feels like a Herculean task, then this is the book for you. Covering every aspect of our lives from the stuff we buy and the food we eat, to how we travel, work, and celebrate. This book provides stacks of practical, down to earth ideas to slot into your daily life, alongside a gentle kick up the butt to put your newfound knowledge into action. Practical tips include unsubscribing from all the tempting emails that drop into your inbox with details of the newest clothing range or the latest sale, and keeping a mug next to your kettle to work out how much water you actually need to boil each time, as over filling kettles costs British households 68 million pounds on energy bills each year. Find out how to fit "sustainable living" into your life, in a way that works for you. Change your impact without radically changing your life and figure out the small steps you can make that will add up to make a big difference (halo not included)
650 #0 - PUNTO DE ACCESO ADICIONAL DE MATERIA--TÉRMINO DE MATERIA
Término de materia o nombre geográfico como elemento de entrada Sustainable living
Número de control del registro de autoridad o número normalizado http://id.loc.gov/authorities/subjects/sh2007000494
9 (RLIN) 10807
650 #0 - PUNTO DE ACCESO ADICIONAL DE MATERIA--TÉRMINO DE MATERIA
Término de materia o nombre geográfico como elemento de entrada Sustainability
Número de control del registro de autoridad o número normalizado http://id.loc.gov/authorities/subjects/sh2009000375
9 (RLIN) 5153
650 #0 - PUNTO DE ACCESO ADICIONAL DE MATERIA--TÉRMINO DE MATERIA
Término de materia o nombre geográfico como elemento de entrada Self-reliant living
Número de control del registro de autoridad o número normalizado http://id.loc.gov/authorities/subjects/sh2004014504
9 (RLIN) 25750
650 #0 - PUNTO DE ACCESO ADICIONAL DE MATERIA--TÉRMINO DE MATERIA
Término de materia o nombre geográfico como elemento de entrada Environmentalism
Número de control del registro de autoridad o número normalizado http://id.loc.gov/authorities/subjects/sh93004752
9 (RLIN) 12143
942 ## - ELEMENTOS DE ENTRADA AGREGADA (KOHA)
Fuente del sistema de clasificación o colocación Clasificación de Library of Congress
Holdings
Estado de retiro Estado de pérdida Fuente del sistema de clasificación o colocación Estado dañado No para préstamo Biblioteca de origen Biblioteca actual Fecha de adquisición Total de préstamos Signatura topográfica completa Fecha visto por última vez Número de copia Precio válido a partir de Tipo de ítem Koha Nota pública
    Clasificación de Library of Congress     TBS Barcelona TBS Barcelona 25/08/2025   GE196 GAL 25/08/2025 1 25/08/2025 Book SOON AVAILABLE

Powered by Koha